000
00197 a2200097 4500
020
_a
9780375508561
041
_a
eng
100
_a
Richard Preston
245
_a
The demon in the freezer
942
_c
BK
999
_c
13981
_d
13981